000 00311nam a2200133Ia 4500
100 _aCoulouris/George
942 _cBK
654 _adistributed system
245 _aDistributed system : concepts and design
260 _bPearson Education
_c2004
082 _a5.758
_bCOU
300 _a772
546 _aENGLISH
999 _c26402
_d26402